000 00495nam a2200145Ia 4500
008 140724s9999 xx 000 0 und d
050 _aTS 155
_b.M263 2013
100 _aMamangon, Dhan-Lhou Eduard E.
245 _aInventory management system for Buzz Me Store /
_cDhan-Lhou Eduard E. Mamangon.
260 _aLas PiƱas, Philippines :
_bSouthville International School and Colleges,
_cc2013.
300 _a63 p. :
_c28 cm.
521 _aInformation Technology
942 _cTH
999 _c229119
_d229119